000 00626nam a2200229Ia 4500
003 OSt
005 20220923225919.0
006 a|||||r|||| 00| 0
007 ta
008 Pun
024 _a275,800
037 _cTextual
040 _aARTS
_cARTS
_bPun
041 _2Pun
_aPun
082 _aO153,1N16x, M0
100 _aਸਿੰਘ, ਪ੍ਰੀਤਮ, ਸਖ਼ੀਰ
245 0 _aਅਨਿਕ ਬਿਸਥਾਰ
260 _c1980
650 _aਪੰਜਾਬੀ ਸਾਹਿਤ
942 _hO153,1N16x, M0
_cTEXL
_2CC
999 _c381245
_d381245